00532nam a22001812 4500001001100000005001700011008004100028020001700069040001500086100003100101245009400132250001300226260003100239300001800270650003000288650002900318852000300347000002455420151217152304.0140106s xx 000 0 eng d a0199600823 : aKABUcKABU1 aKesby, Alison.@000018483414aThe Right to have rights :bcitizenship, humanity, and international law /cAlison Kesby. a1st ed. aOxford :bO. U. P.,c2012. axxii, 164 p. 0aHuman rights.@0000150298 0aCitizenship.@00001600091